• 首页
  • 本馆介绍
  • 公告通知
  • 最新文献
  • 馆藏检索
  • 电子资源
  • 读者导购
  • 参考咨询
  • 我的图书馆
  • 登录
  • 详细信息显示
  • 放入我的书架
  • 预约/预借图书
  • 作者相关作品
  • 分类相关作品
  • 丛书相关作品
  • 出版社相关作品

书目信息

  • 表格格式
  • 工作单格式
  • 卡片格式
题名:
日本战犯审判
    
 
作者: 韩文宁 著
分册:  
出版信息: 南京   南京出版社  2015
页数: 153页, [2] 页图版
开本: 23cm
丛书名: 1945·中国记忆
单 册:
中图分类: D995
科图分类:
主题词: 侵华战争--qin hua zhan zheng--战犯--审判--日本--史料
电子资源:
ISBN: 978-7-5533-0862-3
000 00937nam 2200265 450
001 1775582631
005 20150629083104.2
010    @a978-7-5533-0862-3@dCNY25.00
100    @a20150623d2015 em y0chiy50 ea
101 0  @achi
102    @aCN@b320000
105    @aaf z 000yy
106    @ar
200 1  @a日本战犯审判@Ari ben zhan fan shen pan@f韩文宁著
210    @a南京@c南京出版社@d2015
215    @a153页, [2] 页图版@c图@d23cm
225 2  @a1945·中国记忆@A1945· zhong guo ji yi
330    @a本书全面介绍战后日本东京远东国际军事法庭和中国南京审判战犯军事法庭, 对日本甲级战犯、乙级战犯和丙级战犯进行罪行调查和审判的故事。
410  0 @12001 @a1945·中国记忆
601 02 @a远东国际军事法庭@Ayuan dong guo ji jun shi fa ting@x审判@j史料
606 0  @a侵华战争@Aqin hua zhan zheng@x战犯@x审判@y日本@j史料
690    @aD995@v5
701  0 @a韩文宁@Ahan wen ning@4著
801  0 @aCN@b人天书店@c20150623
905    @aBZT@dD995@e1
    
    日本战犯审判/韩文宁著.-南京:南京出版社,2015
    153页, [2] 页图版:图;23cm.-(1945·中国记忆)
    
    
    ISBN 978-7-5533-0862-3:CNY25.00
    本书全面介绍战后日本东京远东国际军事法庭和中国南京审判战犯军事法庭, 对日本甲级战犯、乙级战犯和丙级战犯进行罪行调查和审判的故事。
●
相关链接 在五车中查询图书 在当当中查询图书 在豆瓣中查询图书


正题名:日本战犯审判     索取号:D995/1         预约/预借

序号 登录号 条形码 馆藏地/架位号 状态 备注
1 823266   2000823266   第二书库/ [索取号:D995/1] 在馆    
2 823267   2000823267   第二书库/ [索取号:D995/1] 在馆    
山东省滨州职业学院图书馆 欢迎您!
大连网信软件有限公司© 版权所有